000 00319nam a2200121Ia 4500
008 241028s9999 xx 000 0 und d
041 _aeng
082 _a394.2068 FER
100 _aNicole Ferdinand
245 _aEvent Management An International Approach
260 _bSage
_aLOS ANGELE
_c2022
300 _a358;. P. 24 cm
999 _c42830
_d42830